| 000 | 00458nam a22001697a 4500 | ||
|---|---|---|---|
| 003 | BD-ChCU | ||
| 005 | 20260511101654.0 | ||
| 008 | 260511b bg ||||| |||| 00| 0 ben d | ||
| 040 | _cBD-ChCU | ||
| 082 | _a335.4 TUP | ||
| 100 |
_aTucker , Robert . C. _922733 |
||
| 245 |
_aPhilosophy and myth in Karl Marx ./ _cRobert C. Tucker . |
||
| 260 |
_aCambridge : _bUniv. Press , _cC 1964 |
||
| 300 | _a263p. | ||
| 650 | 0 |
_aMarxism . _922734 |
|
| 942 |
_2ddc _cBK _n0 |
||
| 999 |
_c112851 _d112851 |
||